Outlines of Islamic Culture (Record no. 258)

MARC details
000 -LEADER
fixed length control field 00646nam a2200241 a 4500
020 ## - INTERNATIONAL STANDARD BOOK NUMBER
ISBN
082 00 - DEWEY DECIMAL CLASSIFICATION NUMBER
Classification number 297.2
Author Cutter SHU
100 ## - MAIN ENTRY--AUTHOR NAME
Author name Shushtery, A M A
245 ## - TITLE STATEMENT
Title Outlines of Islamic Culture
260 ## - PUBLICATION, DISTRIBUTION, ETC. (IMPRINT)
Place of publication Bangalore
Name of publisher Bangalore Book House
Year of publication 1938
300 ## - PHYSICAL DESCRIPTION
Number of Pages 340p
500 ## - GENERAL NOTE
General note includes index and biblioraphy
505 2# - FORMATTED CONTENTS NOTE
Formatted contents note index
505 2# - FORMATTED CONTENTS NOTE
Formatted contents note index00
650 ## - SUBJECT ADDED ENTRY--TOPICAL TERM
Topical Term Islam-Doctrines
942 ## - ADDED ENTRY ELEMENTS (KOHA)
Koha item type Books
Holdings
Home library Current library Date acquired Cost, normal purchase price Full call number Accession Number Koha item type
Henry Martyn Institute Library Henry Martyn Institute Library   100.00 297.2 SHU 01657 E-Books
Henry Martyn Institute Library Henry Martyn Institute Library   100.00 297.2 SHU 01659 E-Books
                   Copyright © 2026 | Henry Martyn Institute | Hyderabad | TS-500052 | INDIA | Implemented by hmi.edu.in
Hit-Count:

Powered by Koha